|
|
|
|
| LEADER |
01000nab#a2200313#ar4500 |
| 001 |
000074052 |
| 003 |
SVKKK |
| 005 |
20040514xxxxxxx. |
| 008 |
06 c xo huno |
| FMT |
|
|
|
| 038 |
|
|
|a SVKKK
|
| 040 |
|
|
|a SVKKK
|b slo
|e AACR2
|
| 041 |
0 |
|
|a hun
|
| 044 |
|
|
|a xo
|c SK
|
| 080 |
|
|
|a 336
|
| 100 |
0 |
|
|a A homonnai Kereskedelmi és Iparbánk r.t. Homonna
|4 aut
|
| 242 |
1 |
0 |
|a Oznam
|
| 245 |
1 |
0 |
|a Hirdetmény
|c A homonnai Kereskedelmi és Iparbánk r.t. Homonna
|
| 500 |
|
|
|a mikrofilm
|
| 520 |
2 |
|
|a Podmienky získania prémie sporenia v Humenskej obchodnej a priemyselnej banke, účastinnej spoločnosti vyhlásenej v roku 1912 - inzerát.
|
| 650 |
0 |
4 |
|a Humenská obchodná a priemyselná banka, účastinná spoločnosť - sporenie prémiové - rok 1912 - podmienky - inzeráty
|
| 773 |
0 |
|
|t Felvidéki Hirlap
|g Roč. 5, č. 36 (22.09.1912) s. 4
|
| 957 |
|
|
|a Humenné
|
| 958 |
|
|
|a DG
|
| 958 |
|
|
|a SK
|
| 974 |
|
|
|a Ba
|d 20040514
|
| 992 |
|
|
|a RBX
|
| BAS |
|
|
|
| 998 |
|
|
|a RETRO
|